Responses for show #7561 - Monday, June 26, 2017

Contestants

Brandon Randall, a student from Provo, Utah

Elisabeth Larsen, a stay-at-home mom and online adjunct instructor from Pleasant Grove, Utah

Pat McNamee, a CPA from McLean, Virginia (whose 1-day cash winnings total $7,599)

Jeopardy! Round responses

ALLITERATION
TV ROLES
1867
ODDS & ENDS
HOLIDAY FOODS
PLACES IN CONTINENTS
    $200 11
fast forward

Brandon
    $200 4
Rob Lowe

Brandon
    $200 1
eight

Elisabeth
    $200 21
omega

Brandon
    $200 16
lamb

Elisabeth
    $200 25
desert

Elisabeth
    $400 12
the seven seas

Brandon
    $400 5
Joey

Brandon
    $400 2
(Brandon: Who is Grant?)

Andrew Johnson

ElisabethBrandon
    $400 22
the point spread

Triple Stumper
    $400 17
jerk chicken

Brandon
    $400 26
Mongolia

Elisabeth
    $600 13
dead as a dodo

Brandon
    $600 6
Jackie Gleason

Brandon
    $600 3
a shogun

Brandon
    $600 23
The Fairly OddParents

Pat
    $600 18
figgy pudding

Brandon
    $3,000 27
Morocco

Elisabeth
    $800 14
the People's Princess

Brandon
    $800 7
Blindspot

Brandon
    $800 9
Garibaldi

Pat
    $800 24
(Pat: What are foresters?)

the Odd Fellows

Pat
Triple Stumper
    $800 19
chiles rellenos

Elisabeth
    $800 28
Alberta

Elisabeth
    $1000 15
pleased as punch

Elisabeth
    $1000 8
Kate Mulgrew

Elisabeth
    $1000 10
(Brandon: What is the Oregon Trail?)
(Pat: What's the Santa Fe Trail?)

the Chisholm Trail

PatBrandon
Triple Stumper
    $1000 30
Terminus

Pat
    $1000 20
green bean casserole

Elisabeth
    $1000 29
Denmark

Triple Stumper

Scores at the first commercial break (after clue 15):

Pat Elisabeth Brandon
-$200 $2,600 $3,200

Scores at the end of the Jeopardy! Round:

Pat Elisabeth Brandon
$600 $9,000 $4,400

Double Jeopardy! Round responses

A WOMEN'S CATEGORY
RADIO, RADIO
I'VE GOT 3 NAMES
FRENCH LITERATURE
INSTRUMENTAL SONG TITLES
WORDS IN CONTINENTS
(Alex: As a matter of fact, each correct response will be formed from some or perhaps all of the letters in the word "continents".)
    $400 17
a foundation

Brandon
    $400 16
lighthouses

Brandon
    $400 1
Alexander Graham Bell

Brandon
    $400 3
The Three Musketeers

Elisabeth
    $400 2
the drum

Elisabeth
    $400 18
innocent

Elisabeth
    $800 27
March on Washington

Pat
    $800 23
CB radio

Triple Stumper
    $800 7
Hans Christian Andersen

Elisabeth
    $800 4
Jules Verne

Elisabeth
    $800 6
76 trombones

Pat
    $800 19
content

Elisabeth
    $1200 28
the Daugthers of the American Revolution (or DAR)

Elisabeth
    $1200 24
a gigahertz

Pat
    $5,000 13
George Washington Carver

Pat
    $1200 5
Les Miserables

Brandon
    $1200 10
"Piano Man"

Brandon
    $1200 20
a tine

Brandon
    $1600 29
Ellen Page

Elisabeth
    $1600 25
the ear

Brandon
    $1600 14
James Fenimore Cooper

Elisabeth
    $3,000 8
the Little Prince

Elisabeth
    $1600 11
Mr. Tambourine Man

Pat
    $1600 21
a tonic

Triple Stumper
    $2000 30
ovarian cancer

Pat
    $2000 26
the ionosphere

Pat
    $2000 15
(Pat: Who is Audubon? ...[*]?)
(Alex: Thank you! Those are the three names.)

John James Audubon

Pat
    $2000 9
Being and Nothingness

Triple Stumper
    $2000 12
"While My Guitar Gently Weeps"

Pat
    $2000 22
tin

Pat

Scores at the end of the Double Jeopardy! Round:

Pat Elisabeth Brandon
$20,000 $20,000 $10,800

[wagering suggestions for these scores]

Final Jeopardy! Round responses

OSCAR WINNERS
(Alex: She had a bit of an in in getting the role.)
BrandonWho is Sofia Coppola?
$9,201
ElisabethWho is Marisa Tomei?
$15,000
PatWho is Reese Witherspoon?
$20,000
Sofia Coppola

Final scores:

Pat Elisabeth Brandon
$0 $5,000 $20,001
3rd place: $1,000 2nd place: $2,000 New champion: $20,001

Game dynamics:

Coryat scores:

Pat Elisabeth Brandon
$16,200 $16,200 $10,800
13 R
(including 1 DD),
2 W
21 R
(including 2 DDs),
0 W
19 R,
2 W

Combined Coryat: $43,200

The J! Archive is created by fans, for fans. The Jeopardy! game show and all elements thereof, including but not limited to copyright and trademark thereto, are the property of Jeopardy Productions, Inc. and are protected under law. This website is not affiliated with, sponsored by, or operated by Jeopardy Productions, Inc. Join the discussion at JBoard.tv.